000 00604nam a22001817a 4500
005 20251108172052.0
008 250721s9999 xx 000 0 ara d
082 1 4 _a924.1/أحم
100 1 _aعلي، أحمد
245 1 0 _aمحمد ظاهر الكردي الخطاط :
_bحياته و آثارثه /
264 1 _aالرياض :
_bالجمعية العربية السعودية للثقافة،
_c[19-].
300 _a86ص :مص
650 1 7 _aالتراجم
650 1 7 _aالخطاطون
700 1 _aدهيش، عبد اللطيف بن عبد الله
942 _2ddc
_cBK
999 _c69667
_d69667